Jeux Vidéo : 2010-2020 - Statistiques

Statistiques générales
  • Ce quiz a été pris 220 fois
  • Le résultat moyen est 7 sur 12
Statistiques - réponses
Par images Réponse % Correct
The last of Us
87%
Grand Theft Auto V
86%
The witcher III
71%
Lara Croft Tomb Raider
69%
Mortal Kombat X
64%
Tom Clancy's Rainbow six siege
58%
The legend of Zelda : Breath of the wild
52%
Red Dead Redemption II
44%
Portal 2
40%
Titanfall 2
39%
Until Dawn
36%
Sid Meier's Civilization VI
11%
Aucun quiz correspondant
Distribution des résultats
% des personnes avec chaque résultat
Percentile par nombre de réponses
Votre historique - résultats
Vous n’avez pas pris ce quiz